LDR 00917naa#a2200169#i#450# 001 RU\\bibl\103025 005 20260512010859.2 011 ## _a2074-8183 100 ## _a20260331b2026####ek#y0rusy0150####ca 102 ## _aRU 200 1# _aЮРИДИЧЕСКОЕ ОСНОВАНИЕ ПРОИЗВОДСТВА СЛЕДСТВЕННЫХ ДЕЙСТВИЙ КАК ПРИЗНАК ИХ СИСТЕМАТИЗАЦИИ _eЖурнальная статья 210 1# _aВолгоград _cВолгоградская академия МВД России _d2026 215 ## _a7 с. 608 ## _aЖурнальная статья _2local 675 ## _aСледственные действия. Осмотр места преступления, следственный эксперимент. Домашний обыск. Очная ставка. 343.132 _z 700 #1 _aАлександрова _gЛюдмила Анатольевна 856 4# _ava-mvd.editorum.ru _u